000 00538nam a2200181Ia 4500
008 240729s9999 xx 000 0 und d
022 _a2042-0072
245 0 _aJournal of Thyroid Research
260 _aUnited Kingdom
260 _bHindawi Limited
650 _a Diseases of the endocrine glands. Clinical endocrinology
650 _a Internal medicine
650 _a Specialties of internal medicine
650 _aMedicine
856 _uhttps://doaj.org/toc/ad3027c90b4247739ec96b3e0faff236
942 _2ddc
942 _cDOAJEJ
999 _c71507
_d71507
945 _a1
_bMadushi Gamage
_c1
_dMadushi Gamage